The ecumenical councils of the Catholic Church : (Record no. 118654)
[ view plain ]
| 000 -LEADER | |
|---|---|
| fixed length control field | 01393cam a2200289 a 4500 |
| 001 - CONTROL NUMBER | |
| control field | 15651894 |
| 003 - CONTROL NUMBER IDENTIFIER | |
| control field | ARRUPE |
| 005 - DATE AND TIME OF LATEST TRANSACTION | |
| control field | 20140409020011.0 |
| 008 - FIXED-LENGTH DATA ELEMENTS--GENERAL INFORMATION | |
| fixed length control field | 090309s2009 mnu b 001 0 eng |
| 010 ## - LIBRARY OF CONGRESS CONTROL NUMBER | |
| LC control number | 2009009757 |
| 020 ## - INTERNATIONAL STANDARD BOOK NUMBER | |
| International Standard Book Number | 9780814653760 (pbk.) |
| 020 ## - INTERNATIONAL STANDARD BOOK NUMBER | |
| International Standard Book Number | 0814653766 (pbk.) |
| 035 ## - SYSTEM CONTROL NUMBER | |
| System control number | (OCoLC)ocn314114357 |
| 040 ## - CATALOGING SOURCE | |
| Original cataloging agency | DLC |
| Transcribing agency | DLC |
| Modifying agency | BTCTA |
| -- | YDXCP |
| -- | C#P |
| -- | SLT |
| -- | DLC |
| 050 00 - LIBRARY OF CONGRESS CALL NUMBER | |
| Classification number | BX823 |
| Item number | .K45 2009 |
| 300 ## - PHYSICAL DESCRIPTION | |
| Dimensions | 23 cm. |
| 100 1# - MAIN ENTRY--PERSONAL NAME | |
| Personal name | Kelly, Joseph F. |
| Fuller form of name | (Joseph Francis), |
| Dates associated with a name | 1945- |
| 9 (RLIN) | 3731 |
| 245 14 - TITLE STATEMENT | |
| Title | The ecumenical councils of the Catholic Church : |
| Remainder of title | a history / |
| Statement of responsibility, etc | Joseph F. Kelly. |
| 260 ## - PUBLICATION, DISTRIBUTION, ETC. (IMPRINT) | |
| Place of publication, distribution, etc | Collegeville, Minn. : |
| Name of publisher, distributor, etc | Liturgical Press, |
| Date of publication, distribution, etc | c2009. |
| 300 ## - PHYSICAL DESCRIPTION | |
| Extent | xii, 216 p. ; |
| 500 ## - GENERAL NOTE | |
| General note | "A Michael Glazier book." |
| 504 ## - BIBLIOGRAPHY, ETC. NOTE | |
| Bibliography, etc | Includes bibliographical references and index. |
| 505 0# - FORMATTED CONTENTS NOTE | |
| Formatted contents note | The Trinitarian councils -- The Christological councils -- The Byzantine councils -- The papal councils of the twelfth century -- The papal councils of the thirteenth century -- Schism and conciliarism -- The Council of Trent -- The First Vatican Council -- The Second Vatican Council |
| 650 #0 - SUBJECT ADDED ENTRY--TOPICAL TERM | |
| Topical term or geographic name as entry element | Councils and synods, Ecumenical |
| General subdivision | History. |
| 9 (RLIN) | 3732 |
| 906 ## - LOCAL DATA ELEMENT F, LDF (RLIN) | |
| a | 7 |
| b | cbc |
| c | orignew |
| d | 1 |
| e | ecip |
| f | 20 |
| g | y-gencatlg |
| 942 ## - ADDED ENTRY ELEMENTS (KOHA) | |
| Source of classification or shelving scheme | Library of Congress Classification |
| Koha item type | Monograph ( Printed materials) |
| Koha issues (borrowed), all copies | 1 |
| Withdrawn status | Lost status | Source of classification or shelving scheme | Damaged status | Not for loan | Home library | Current library | Shelving location | Date acquired | Total Checkouts | Full call number | Barcode | Date last seen | Date checked out | Price effective from | Koha item type |
|---|---|---|---|---|---|---|---|---|---|---|---|---|---|---|---|
| Library of Congress Classification | ARRUPE LIBRARY | ARRUPE LIBRARY | Main Collection | 25/11/2013 | 3 | BX823 .K45 2009 | 46410317 | 09/03/2018 | 20/02/2018 | 25/11/2013 | Monograph ( Printed materials) |